000 01501nam a2200229Ia 4500
999 _c34570
_d34570
001 331
003 GE_BSU
005 20221226155002.0
008 181216s2011||||ge |||||||||||||| ||geo||
040 _cGE_BSU
041 _ageo
080 _a657(075.8) გ–82
100 _aგრიგალაშვილი, ლევან
_9870
245 _aსაბიუჯეტო ორგანიზაციების ბუღალტრული აღრიცხვა :
_bსაბიუჯეტო ორგანიზაციების აღრიცხვა. საჯარო სამართლის იურიდიული პირების აღრიცხვა. არასამრეწველო იურიდიული პირების აღრიცხვა. საგადასახადო დეკლარაციები. ბუღალტრული გატარებები : [სახელმძღვანელო] /
_cლევან გრიგალაშვილი ; რედაქტორი ვასილ გიგოლაშვილი.
264 _aთბილისი,
_c2011.
300 _a206 გვ.;
_b 20 სმ.
501 _aდანართები: გვ. 192-206.
541 _h7ლ.
653 _a საბუღალტრო აღრიცხვა
700 _aგიგოლაშვილი, ვასილ
_eრედაქტორი
_92200
942 _cBK
_2udc